Cities named after monarchs - Statistics

General Stats
  • This quiz has been taken 81 times
  • The average score is 7 of 15
Answer Stats
Monarch City Location % Correct
Alexnder the Great Alexandria Egypt
97%
Charles II of England Charleston South Carolina, United States
81%
Anna, Queen of Great Britain Annapolis Maryland, United States
75%
William III of England Kingston Jamaica
62%
Catherine I of Russia Yekaterinburg Russia
61%
Louis XV of France Port Louis Mauritius
55%
Sultan Ahmad Shah I of Gujarat Ahmedabad India
52%
Charles II of Spain Charleroi Belgium
48%
Leo I of Halych Lviv Ukraine
48%
Charlotte of Mecklenburg-Strelitz Charlottetown Canada
42%
Louis IX of France São Luís Brazil
33%
Louis IX of France San Luis Potosí Mexico
32%
Tariq ibn Ziyad Gibraltar United Kingdom
26%
Frederick II of Denmark and Norway Fredrikstad Norway
16%
Qin Shi Huang, First emperor of China Qinhuangdao China
6%
No matching quizzes found
Score Distribution
Percent of People with Each Score
Percentile by Number Answered
Your Score History
You have not taken this quiz